000 00861cam a2200229 a 4500
001 000015849
005 20200929164157.0
008 000301s1999 pr a b 000 0 spa d
040 _aDO-SdBNP
_bspa
_cPrRU
_dDLC
_dBNPHU
082 _a109
_bS718d
100 1 _aSoto Rivera, Ruben.
_935664
245 1 0 _aDe Parmenides a Demonacte :
_bhilos de una urdimbre textual : para una nueva historia de la filosofia /
_cRuben Soto Rivera.
260 _aPuerto Rico :
_b[s.n.],
_c1999.
300 _aiv, 234 p. :
_bil. ;
_c21 cm.
500 _aDatos de la cubierta
504 _aIncluye referencias bibliográficas: (p. 220-234)
600 1 4 _aSOCRATES
_d470 a. C. - 399 a. C.
_935665
600 1 4 _aPLATÓN
_d427 a. C. - 347 a. C
_935666
600 1 4 _aPARMÉNIDES
_d540 a. C. - 470 a. C.
_935667
650 4 _aFilosofía antigua
_91215
910 _aCatalogación por copia / LC
999 _c15393
_d15393